000
00253nam a22001097a 4500
999
_c
260867
_d
260866
020
_a
9780545209236
100
_a
Liz Kesslen
245
_a
Philippa Fisher's Fairy Godsister
260
_a
New York
_b
Scholastic
_c
2007
300
_a
274 pgs
942
_c
BK